Lakers Retired Numbers - Statistics

General Stats
  • This quiz has been taken 644 times
  • The average score is 6 of 9
Answer Stats
Number Player % Correct
34 Shaquille O'neal
89%
44 Jerry West
87%
32 Magic Johnson
87%
13 Wilt Chamberlain
83%
22 Elgin Baylor
76%
42 James Worthy
75%
33 Kareem Abdul-Jabbar
50%
25 Gail Goodrich
46%
52 James Wilkes
28%
No matching quizzes found
Score Distribution
Percent of People with Each Score
Percentile by Number Answered
Your Score History
You have not taken this quiz